|
|
|
|
| LEADER |
00000nab a2200000 a 4500 |
| 001 |
vtls008996380 |
| 003 |
SK-MaSNL |
| 005 |
20260303065741.0 |
| 008 |
140301c20070531xo dr|p|||||||000 b|slo |
| 015 |
|
|
|a SNBRB2007/06
|2 snkbucl
|
| 038 |
|
|
|a SNKBUCL
|
| 040 |
|
|
|a SNKBUCL
|b slo
|c SNKBUCL
|e AACR2
|
| 041 |
|
|
|a slo
|
| 044 |
|
|
|a xo
|c SK
|
| 080 |
|
|
|a 78.071.2:784.66
|2 1997
|
| 080 |
|
|
|a 784.66
|2 1997
|
| 100 |
1 |
|
|a Jaslovský, Marian,
|d 1963-
|4 aut
|9 102033
|
| 245 |
1 |
0 |
|a Mango Molas - veľvyslanci salsy
|c Marian Jaslovský
|
| 300 |
|
|
|b Fotogr.
|
| 610 |
2 |
7 |
|a Mango Molas (hudobná skupina)
|2 snkbucl
|9 658768
|
| 773 |
0 |
|
|t Sme. Práca
|g Roč. 15, č. 124 (31.5.2007)
|x 1335-440X
|
| 773 |
0 |
|
|t Hudba XXL
|g S. 25
|
| 852 |
|
|
|a SNK
|b KIS3GCP
|
| 999 |
|
|
|c 1752515
|d 1754445
|